Goofy Gang Minecraft - Statistics

General Stats
  • This quiz has been taken 184 times
  • The average score is 5 of 6
Answer Stats
Hint Answer % Correct
Most subs CheapPickle
96%
Changed their Minecraft skin, shows their face the most tinymacdude
95%
Least main character al1
94%
Best at bedwars Wallibear
93%
Newest member Creebus
85%
Big eyes estabr0k
84%
No matching quizzes found
Score Distribution
Percent of People with Each Score
Percentile by Number Answered
Your Score History
You have not taken this quiz